000 00273nam a2200121Ia 4500
005 20251222144752.0
008 251222s9999||||xx |||||||||||||| ||spa||
082 _a455.03/J15
100 _aJafrancesco, E.
245 0 _aParla e Scrivi:
264 _bCendali
942 _cLIB
999 _c19384
_d19384